| 000 | 00339nam a2200133Ia 4500 | ||
|---|---|---|---|
| 005 | 20260328104321.0 | ||
| 008 | 260328s9999||||xx |||||||||||||| ||und|| | ||
| 100 | _aSchezen, Roberto | ||
| 245 | 0 |
_aAdolf Loos; Arquitectura 1903-1932 / _cRoberto Schezen |
|
| 260 | _bGustavo Gili | ||
| 300 | _a176 p. | ||
| 650 | _aARQUITECTOS | ||
| 942 | _cBK | ||
| 999 |
_c11346 _d11346 |
||